|
|
|
|
| LEADER |
01026nam a2200289 a 4500 |
| 001 |
662 |
| 003 |
BD-DhAAL |
| 005 |
20150222114834.0 |
| 008 |
150222s1999 nyuab b 000 0 eng |
| 010 |
|
|
|a 98024639
|
| 020 |
|
|
|a 0393046893
|
| 040 |
|
|
|a DLC
|c DLC
|d DLC
|d BD-DhAAL
|
| 050 |
0 |
0 |
|a BR526
|b .H335 1999
|
| 082 |
0 |
0 |
|a 306/.1/0973
|2 21
|
| 100 |
1 |
|
|a Heard, Alex.
|9 8715
|
| 245 |
1 |
0 |
|a Apocalypse pretty soon :
|b travels in end-time America /
|c Alex Heard.
|
| 250 |
|
|
|a 1st ed.
|
| 260 |
|
|
|a New York :
|b W.W. Norton,
|c c1999.
|
| 300 |
|
|
|a 360 p. :
|b ill., map ;
|c 22 cm.
|
| 504 |
|
|
|a Includes bibliographical references (p. 341]-360).
|
| 541 |
|
|
|e 662
|
| 650 |
|
0 |
|a Millennialism
|z United States.
|9 8716
|
| 650 |
|
0 |
|a Two thousand, A.D.
|9 8717
|
| 651 |
|
0 |
|a United States
|x Religion
|y 1960-
|9 8718
|
| 942 |
|
|
|2 ddc
|c BK
|
| 999 |
|
|
|c 33774
|d 33774
|
| 952 |
|
|
|0 0
|1 0
|2 ddc
|4 0
|6 306_109730000000000_HEA
|7 0
|9 52743
|a SCL
|b SCL
|c GEN
|d 2015-02-22
|e Gift: The Asia Foundation
|l 1
|m 2
|o 306.10973 HEA
|p 3020000662
|r 2018-07-10
|s 2018-06-03
|t 1
|w 2015-02-22
|y BK
|